000 00536nam a2200169 i 4500
001 93888
003 ES-MaACL
005 20231207063020.0
007 t|
008 050422s1936 sp ||||1| spa d
100 1 _aLópez Ibor, Juan José,
_d1906-1991
_973703
245 1 3 _aLo vivo y lo muerto del psicoanálisis
_b: hacia una nueva psicoterapia /
_cJuan José López Ibor.
260 _aBarcelona :
_bLuis Miracle,
_c1936.
300 _a222 p. ;
_c22 cm.
852 _aES-MaACL
_jA-4984
_bR.18127
999 _c93888
_d93888